Clothing Brand Logos - Statistics

General Stats
  • This quiz has been taken 10,056 times
  • The average score is 9 of 10
Answer Stats
Picture Answer % Correct
Levi's
98%
Calvin Klein
96%
Gucci
95%
H&M
95%
Louis Vuitton
94%
Victoria's Secret
93%
Gap
90%
Tommy Hilfiger
90%
Ralph Lauren
86%
Burberry
76%
No matching quizzes found
Score Distribution
Percent of People with Each Score
Percentile by Number Answered
Your Score History
You have not taken this quiz